000 00709nam a2200277Ia 4500
005 20260324130003.0
008 008 260324s9999 xx 000 0 eng d
020 _a9780429145926
037 _aEBOOK
040 _aCRL
040 _beng
040 _cCRL
041 _2eng
041 _aeng
084 _qCRL
100 _aThomas Gitau; Margaret W. Gitau; David Waltner-Toews
_91180092
245 0 _aIntegrated Assessment of Health and Sustainability of Agroecosystems
260 _bTaylor and Francis
260 _c2008
365 _a
365 _b260
856 _uhttp://www.taylorfrancis.com/books/9780429145926
942 _cEBOOK
999 _c1775822
_d1775822